000 00849nam a2200313 a 4500
999 _c172269
_d172269
001 vtls000666387
003 PNM
005 20190417144752.0
008 120127s2011 enk e 000 1 eng d
020 _a9780749942953 (pbk.)
_a9780351324079
040 _aPNM
_beng
_cPNM
_dPPAK
_erda
082 0 4 _a813.54
_223
090 2 0 _a813.54
_bKLE
_dG
100 1 _aKleypas, Lisa ,
_eauthor.
245 1 0 _aScandal in Spring /​
_cLISA KLEYPAS
264 _aLondon :
_bPiatkus,
_c2011
300 _a312 pages :
_c18 cm
336 _2rdacontent
_atext
337 _2rdamedia
_aunmediated
338 _2rdacarrier
_avolume
490 _aWallflower series
650 1 0 _aSocialites
_vFiction
650 2 0 _aMarriage
_vFiction
830 0 _aWallflower series
942 _2ddc
_cB
949 _61000784442
949 _61000784443
949 _61000784444